Dejiny písané bronzom

Bibliographic Details
Main Author: E.S (Author)
Format: Article
Language:Slovak
Subjects:

MARC

LEADER 00000nab a2200000 a 4500
001 vtls000108587
003 SK-MaSNL
005 20260303024311.0
008 111104c1982 xo 0 slo
015 |a SNBRB19rr/mm-uuuuu 
035 |a CL0118690 
040 |a SNKBUCL  |b slo  |c SNKBUCL  |e AACR2 
041 0 |a slo 
044 |a xo  |c SK 
080 |a 903  |2 1981 
100 1 |a E.S.  |4 aut  |9 465792 
245 1 0 |a Dejiny písané bronzom  |c E.S. 
650 0 7 |a archeologické nálezy  |2 snkbucl  |9 4975 
651 7 |a 5100  |2 snkbucl  |9 166206 
655 7 |a články z novín a časopisov  |2 snkbucl  |9 267496 
773 0 |t Večerník  |g Roč. 27, č. 25 (5. 2. 1982), s. 6 
850 |a Slovenská národná knižnica v Martine  |a MTA001 
852 |a SNK  |b KIS3GCP 
958 |a RK 
992 |a RBX 
999 |c 1639664  |d 1641594